| 000 | 00731cab a2200217 4500 | ||
|---|---|---|---|
| 001 | ABS42979 | ||
| 008 | 090401t1990 xxu||||| |||| 00| 0 eng d | ||
| 035 | _a(Sirsi) u39786 | ||
| 041 | _aeng | ||
| 100 | _aBrown, S. | ||
| 245 | _aSConverting conventions | ||
| 260 | _c1990 | ||
| 350 | _a0 | ||
| 490 |
_aCountry Life _v184(26) 28 June 1990, 126-129(4) |
||
| 520 | _aAnalyses the growth in the market for organic products and concludes that measures taken to encourage farmers to convert to organic systems such as the UK Register of Organic Food Standards (UKROFS), have not gone far enough. | ||
| 650 | _aORGANIC FARMING | ||
| 650 | _aSOIL ASSOCIATION | ||
| 690 | _aRURAL PRACTICE | ||
| 942 | _n0 | ||
| 948 | _c04/03/1997 | ||
| 999 |
_c25471 _d25471 |
||